Aditivos para concreto / (Registro nro. 1631)
[ vista simple ]
| 000 -LEADER | |
|---|---|
| fixed length control field | 01268nam a2200265Ia 4500 |
| 003 - CONTROL NUMBER IDENTIFIER | |
| control field | PE SENCICO BE |
| 005 - DATE AND TIME OF LATEST TRANSACTION | |
| control field | 20260327175013.0 |
| 008 - FIXED-LENGTH DATA ELEMENTS--GENERAL INFORMATION | |
| fixed length control field | 200515s9999 xx 000 0 und d |
| 020 ## - INTERNATIONAL STANDARD BOOK NUMBER | |
| International Standard Book Number | 968-464-024-2 |
| 040 ## - CATALOGING SOURCE | |
| Original cataloging agency | PE SENCICO BE |
| Transcribing agency | PE SENCICO BE |
| 041 ## - LANGUAGE CODE | |
| Language code of text/sound track or separate title | spa |
| 082 ## - DEWEY DECIMAL CLASSIFICATION NUMBER | |
| Classification number | 624.1834 |
| Item number | I5A |
| 110 1# - MAIN ENTRY--CORPORATE NAME | |
| Corporate name or jurisdiction name as entry element | Instituto Mexicano del Cemento y del Concreto |
| 9 (RLIN) | 192 |
| 245 10 - TITLE STATEMENT | |
| Title | Aditivos para concreto / |
| Statement of responsibility, etc. | Instituto Mexicano del Cemento y del Concreto |
| 250 ## - EDITION STATEMENT | |
| Edition statement | [1a ed.] |
| 260 ## - PUBLICATION, DISTRIBUTION, ETC. | |
| Place of publication, distribution, etc. | México, D.F. : |
| Name of publisher, distributor, etc. | Instituto Mexicano del Cemento y del Concreto ; |
| Date of publication, distribution, etc. | 1983 |
| 300 ## - PHYSICAL DESCRIPTION | |
| Extent | 166 páginas : |
| Other physical details | ilustraciones ; |
| Dimensions | 22 cm. |
| 505 0# - FORMATTED CONTENTS NOTE | |
| Formatted contents note | Preparación y dosificación -- Aditivos acelerantes -- Aditivos inclusores de aire -- Aditivos reductores de agua y reguladores de fraguado -- Aditivos minerales finalmente divididos -- Diversos aditivos |
| 520 3# - SUMMARY, ETC. | |
| Summary, etc. | Examina los propósitos generales y las precauciones en el empleo de aditivos, así como los métodos de almacenamiento y uso. Los aditivos se clasifican en cinco grupos: a) acelerantes b) inclusores de aire c) reductores de agua y reguladores de fraguado |
| 650 10 - SUBJECT ADDED ENTRY--TOPICAL TERM | |
| Topical term or geographic name entry element | Aditivos |
| 9 (RLIN) | 578 |
| 650 20 - SUBJECT ADDED ENTRY--TOPICAL TERM | |
| Topical term or geographic name entry element | Concreto |
| 9 (RLIN) | 309 |
| 650 20 - SUBJECT ADDED ENTRY--TOPICAL TERM | |
| Topical term or geographic name entry element | Tecnología del concreto |
| 9 (RLIN) | 477 |
| 650 2# - SUBJECT ADDED ENTRY--TOPICAL TERM | |
| Topical term or geographic name entry element | PUB IMCYC |
| 942 ## - ADDED ENTRY ELEMENTS (KOHA) | |
| Koha item type | Libros |
| Source of classification or shelving scheme | Dewey Decimal Classification |
| Fecha de la última vez que lo usaron | Número de ingreso o de inventario | Pago total | Signatura topográfica completa | Código de barras | Tipo de documento | Estado perdido | Sistema de clasificación | Estado dañado | No es para préstamo | Retirado | Ubicación permanente | Ubicación actual | Precio efectivo desde | Fecha de adquisición |
|---|---|---|---|---|---|---|---|---|---|---|---|---|---|---|
| 15/05/2020 | 13509 | 624.1834/I5A | BibLima26032630 | Libros | Dewey Decimal Classification | Biblioteca Central Lima | Biblioteca Central Lima | |||||||
| 09/03/2026 | 624.1834/I5A | BibZtruj26032631 | Libros | Dewey Decimal Classification | Biblioteca Trujillo | Biblioteca Trujillo | 09/03/2026 | 09/03/2026 |